000 00515pam a2200181 a 4500
020 _a0781733634
_c10350.80
041 _aeng
_hNULL
082 _a617.585059
_bKIT
100 _aKITAOKA, H .
245 _aMASTER TECHNIQUES IN ORTHOPAEDIC SURGERY : THE FOOT AND ANKLE /
_cNULL.
_hTextual Documents
250 _a2 /
_b.
260 _aNULL :
_bLIPPINCOTT WILLIAMS & WILKINS ,
_c2002.
300 _a678 :
_bXXI ;
_cA4 .
365 _a10350.80
930 _a2695
999 _c797230
_d797230
650 _aORTHO